000 01087nam0a22002651 4500
001 v19\rc\2048660
005 20260405155912.0
035 _a(NLR Aleph) 005274714
090 _a6036532
_c6036532
100 _a20081111e19061906|||y0rusy50 ca
101 0 _arus
102 _aRU
105 _ay ace |||||
200 1 _aО библиографических указателях
_aО народных словарях толковниках [... и др. статьи]
_e(Из журн. "Русская школа" за 1906-1916 гг.)
210 _d1906
_aБ. м.
215 _a22 бр.
488 0 _12001#$aРусская школа$v1906-1916
_tРусская школа
532 1 2 _aО народных словарях толковниках и другие статьи
700 1 _8rus
_7ca
_aМезьер
_bА. В.
_f1869-1935
_gАвгуста Владимировна
_3RU\NLR\AUTH\7766640
_949568
801 2 _aRU
_bNLR
_c20090406
_2rusmarc
801 0 _aRU
_bNLR
_c20081111
_gpsbo
801 1 _aRU
_bProSoft-M
_c20081111
_2rusmarc
852 _aNLR
_j37.14.5.59
942 _cBOOK
980 _aNB